Kpop Songs by the Alphabet (Medium Ver.) - Statistics

General Stats
  • This quiz has been taken 1,331 times
  • The average score is 12 of 26
Answer Stats
Letter Group Answer % Correct
N New Jeans New Jeans
77%
A BlackPink As If Its Your Last
68%
M HwaSa Maria
66%
X Jeon Somi XOXO
65%
W Kep1er Wa da da
64%
Z Red Velvet Zimzalabim
63%
O BTS On
59%
U LE SSERAFIM Unforgiven
57%
Q Red Velvet Queendom
55%
B Red Velvet Bad Boy
53%
G Stray Kids Gods Menu
52%
K Ive Kitsch
52%
F Iz*one Fiesta
51%
L (G) I - DLE Latata
43%
D Twice Dance the Night Away
42%
V Stray Kids Venom
42%
C Itzy Cheshire
40%
S BlackPink Shut Down
40%
J Got7 Just Right
35%
T HwaSa Twit
35%
I Red Velvet Ice Cream Cake
27%
Y VCHA Y.O. Universe
26%
R NMIXX Roller Coaster
21%
H Twice Hare Hare
20%
P Red Velvet Peek a boo
20%
E Itzy Escalator
8%
No matching quizzes found
Score Distribution
Percent of People with Each Score
Percentile by Number Answered
Your Score History
You have not taken this quiz